Más alla de la física: atravesando fronteras

Saved in:
Bibliografiske detaljer
Hovedforfatter: Heisenberg, Werner, 1901-1976 (Author)
Format: Bog
Sprog:spansk
Udgivet: Madrid Biblioteca de Autores Cristianos 1974
Serier:Biblioteca de Autores Cristianos
Fag:
Tags: Tilføj Tag
Ingen Tags, Vær først til at tagge denne postø!

MARC

LEADER 00000nam a2200000 a 4500
001 UCH1113
003 CL-VaPUC
008 090409e19740000SP |||||||||||||||||spa|d
020 |a 8422007045 
082 0 4 |a 501  |b HEI  |2 21 
100 |a Heisenberg, Werner,  |d 1901-1976  |e author  |9 497523 
245 1 0 |a Más alla de la física: atravesando fronteras 
300 |a 258 p 
942 |c BK 
945 |d 20090409 00:00:00  |a rbrito 
260 |a Madrid  |b Biblioteca de Autores Cristianos  |c 1974 
650 0 |a Filosofía de las ciencias  |9 256466 
583 |a last modification  |c 20090409 00:00:00  |k Rodrigo Vera 
490 0 |a Biblioteca de Autores Cristianos 
999 |c 333190  |d 333188 
952 |0 0  |1 0  |4 0  |6 501_000000000000000_HEI_1974  |7 0  |8 A  |9 421399  |a BIBCUR  |b BIBCUR  |d 2019-11-22  |i 4532724  |o 501 HEI 1974  |p 4532724  |r 2025-04-22  |w 2019-11-22  |y BK  |k FIS